LEADER 01382nam0 22003371i 450 001 UON00229094 005 20231205103452.272 010 $a88-15-00662-1 100 $a20030730d1985 |0itac50 ba 101 $aita 102 $aIT 105 $a|||| ||||| 200 1 $aˆLa ‰ seconda lingua$fHeidi Dulay, Marina Burt, Stephen Krashen 205 $aBologna : Il Mulino$b1985 210 $a395 p.$a21 cm 215 $aTit. orig.: Language Two. 410 1$1001UON00065591$12001 $aStrumenti. Linguistica e critica letteraria 500 1$3UON00371407$a Language Two$931112 606 $aLINGUE$xApprendimento$3UONC024515$2FI 620 $aIT$dBologna$3UONL000085 676 $a407$cLinguaggio. Studio e insegnamento$v21 700 1$aDULAY$bHeidi$3UONV138903$0304827 701 1$aBURT$bMarina K.$3UONV121053$0191612 701 1$aKRASHEN$bStephen$3UONV138904$0167800 712 $aIl Mulino$3UONV245824$4650 801 $aIT$bSOL$c20240220$gRICA 912 $aUON00229094 950 $aSIBA - SISTEMA BIBLIOTECARIO DI ATENEO$dSI FS 00490 $eSI FP 1149 5 950 $aSIBA - SISTEMA BIBLIOTECARIO DI ATENEO$dSI FS 03512 $eSI FP 712 5 996 $aLanguage Two$931112 997 $aUNIOR LEADER 01919nam0 22003973i 450 001 MOD1473999 005 20251003044241.0 010 $a9788834877258 100 $a20200211d2007 ||||0itac50 ba 101 | $aita$cita 102 $ait 181 1$6z01$ai $bxxxe 182 1$6z01$an 183 1$6z01$anc$2RDAcarrier 200 1 $aˆLa ‰fedeltà nelle relazioni tra impresa e mercato$efondamenti concettuali ed implicazioni manageriali$fa cura di Rosario Faraci, Marco Galvagno, Sonia Caterina Giaccone 210 $aTorino$cG. Giappichelli$d2007 215 $a319 p.$d24 cm 225 | $aImpresa culture e società$i. Serie Scienze aziendali$v8 410 0$1001TO01051091$12001 $aImpresa culture e società$i. Serie Scienze aziendali$v8 500 11$aˆLa ‰fedeltà nelle relazioni tra impresa e mercato$3BCT0006017$91017786 606 $aVendite$xOrganizzazione$2FIR$3CFIC000046$9E 676 $a658.8$9Gestione della distribuzione (Marketing)$v14 676 $a658.82$9MARKETING. PROMOZIONE DELLE VENDITE$v23 696 $aOrganizzazione 699 $aOrganizzazione$zOrganizzazione 702 1$aGalvagno$b, Marco$f <1971- >$3MILV329231 702 1$aGiaccone$b, Sonia Caterina$3MILV329232 702 1$aFaraci$b, Rosario$3PALV031415 801 3$aIT$bIT-000000$c20200211 850 $aIT-BN0095 901 $bNAP 01$cPOZZO LIB.$nVi sono collocati fondi di economia, periodici di ingegneria e scienze, periodici di economia e statistica e altri fondi comprendenti documenti di economia pervenuti in dono. 912 $aMOD1473999 950 0$aBiblioteca Centralizzata di Ateneo$c1 v.$d 01POZZO LIB.ECON MON 1606$e 0101 0000208445E VMA 1 v. (Precedente collocazione: DASES B 1749)$fB $h20091221$i20091221 977 $a 01 996 $aFedeltà nelle relazioni tra impresa e mercato$91017786 997 $aUNISANNIO